Das große Bierquiz - Statistiken

Allgemein
  • Dieses Quiz wurde 136 mal gespielt
  • Das Durchschnittsergebnis liegt bei 10 aus 25
Antwortstatistiken
Hint Antwort % Korrekt
Oettinger Deutschland
86%
Heineken Niederlande
85%
Pilsner Tschechien
79%
Corona Mexiko
74%
Budweiser USA
74%
Mythos Bier Griechenland
72%
Bierra Peroni Italien
67%
Carlsberg Dänemark
61%
Alhambra Spanien
48%
Leffe Belgien
44%
Schädelschbrengger Export Deutschland
40%
Huppendorfer Deutschland
37%
Schlenkerla Deutschland
35%
Jupiler Belgien
34%
Super Bock Portugal
32%
Grolsch Niederlande
29%
Baltika Russland
26%
Tripel Karmeliet Belgien
18%
Quilmes Argentinien
15%
Harbin China
15%
Brahma Brasilien
7%
Super Dry Japan
7%
Snow China
6%
Obolon Ukraine
3%
Barba Imperial Kroatien
0%
Keine übereinstimmenden Quizze gefunden
Verteilung der Resultate
Anzahl Personen mit jedem Resultat
Perzentil nach korrekt beantworteten Fragen
Ihre Resultats-Entwicklung
Sie haben dieses Quiz noch nicht gespielt